00263nam a2200097Ia 4500100003500000245005700035260003000092082001300122300000700135546002300142 aProductivity Development Team  acellular Manufacturing:One piece flow for work teams bProduction Pres Incc1999 a658bPDT a69 aENGLISHcInfo.Tech